Déjà vu - akédie obyčejné firmy

Akédia - choroba, ktorú popísal po prvýkrát Evagrios (345-399) a ktorou trpeli mnísi žujúci v púšti. Akédia, slovo, ktoré znamená znechutenie, apatiu, ľahostajnosť. Problémy vo firme, ktoré sa prestávajú riešiť a prechádzajú do chronického stavu. Hľadanie riešení na situáciu vo firme. Včasné stanove...

Full description

Saved in:
Bibliographic Details
Main Author: Košturiak, Ján
Format: Book Chapter
Language:Czech
Subjects:
Tags: Add Tag
No Tags, Be the first to tag this record!

MARC

LEADER 00000naa a2200000 4500
001 0151184
005 20231211073308.4
041 0 |a cze 
044 |a CZ 
245 1 0 |a Déjà vu - akédie obyčejné firmy  |c Ján Košturiak 
520 |a Akédia - choroba, ktorú popísal po prvýkrát Evagrios (345-399) a ktorou trpeli mnísi žujúci v púšti. Akédia, slovo, ktoré znamená znechutenie, apatiu, ľahostajnosť. Problémy vo firme, ktoré sa prestávajú riešiť a prechádzajú do chronického stavu. Hľadanie riešení na situáciu vo firme. Včasné stanovenie správnej diagnózy - základ účinnej liečby. Kľúč k riešeniu u najvyššieho vo firme - u lídra. Aký je prirodzený líder. Príčiny a následky. Vytváranie spoločnej budúcnosti z prítomnosti - poznanie vízie, cieľov a cesty. 
610 2 0 |a manažment strategický 
610 2 0 |a riadenie podnikové 
610 2 0 |a lídri 
610 2 0 |a čas pracovný 
610 2 0 |a hodnota 
610 2 0 |a zákazníci 
610 2 0 |a produkty 
610 2 0 |a služby 
100 1 |a Košturiak, Ján